000 00513nam a2200205Ia 4500
003 LK-CoDNM
008 010623t1924 xxu||||| |||| 00| 1 sin d
040 _aLK-CoDNM
_dLK-CoDNM
_eLK-CoDNM
041 _asin
080 _a104 E.10
100 _aDe Alvis,D.L
_eed.
245 _aකාව්‍යා ලෝකය
246 _aKavyalokaya
260 _bSiriyaalooka
_aGampaha
_c1924
300 _b18p., 21 cm
650 _aPoetry
700 _aMunasinhge,M.P
_eed.
700 _aprera,H.A
_eed.
942 _cBK
999 _c92329
_d92329